1285 1277 1554 1943 1445 1570 1080 1659 1046 1769 1353 1315 1104 1578 1961 1792 1285 1471 1963 1104 1311 1185 1726 1879 1025 1867 1984 1027 1678 1732 1562 1886 1594 1685 1771 1963 1463 1474 1992 1962 1999 1395 1010 1069 1028 1328 1326 1437 1570 1475 1912 1422 1586 1564 1247 1594 1354 1228 1412 1053 1100 1031 1595 1345 1592 1504 1258 1880 1822 1422 1969 1316 1005 1687 1843 1859 1121 1369 1360 1881 1535 1457 1311 1638 1779 1203 1075 1069 1064 1499 1496 1850 1248 1334 1934 1561 1600 1262 1353 BCNSPRNW ULIB Ver.6.0+V

เปลี่ยนเป็นภาษาไทย

Change to English
 แสดงรายละเอียดบรรณานุกรม
  กลับหน้าหลัก

Brief Record : Get Marc (ISO 2709) : E-mail record : QR code < ปิดหน้าต่าง
LEADER : 00000nam 2200000uu 4500
001    13399111967
003     ULIB
008    110713s2554||||th 000 0 tha d
020    9746453637
060  4 WA32JT3^bส627อ ล.2
110 1  มหาวิทยาลัยสุโขทัยธรรมาธิราช^bสาขาวิชาวิทยาศาสตร์สุขภาพ
245 00 เอกสารการสอนชุดวิชา กฎหมายเกี่ยวกับสาธารณสุขสิ่งแวดล้อมและนิติเวชศาสตร์ หน่วยที่ 9-15 =^bLaws related to public health,environmental health and forensic medicine/^cสาขาวิชาวิทยาศาสตร์สุขภาพ มหาวิทยาลัยสุโขทัยธรรมาธิราช
246 0  Laws related to public health,environmental health and forensic medicine
250    พิมพ์ครั้งที่ 11
260    นนทบุรี:^bศูนย์หนังสือมหาวิทยาลัยสุโขทัยธรรมาธิราช,^c2554
300    354 หน้า
650  7 กฎหมายเกี่ยวกับสาธารณสุข
650  7 นิติเวชศาสตร์
650  7 กฎหมายสิ่งแวดล้อม
945    ^p0^l0^i18401
945    ^p0^l0^i18402
995    กัณชพร
999    ^aใช้งานได้ทุกระบบ
รายการนี้ยังไม่มีแท็ก
คุณยังไม่ได้ล็อกอิน คุณสามารถมีกิจกรรมร่วมกับเว็บไซต์ได้ แต่ต้องล็อกอินก่อน ::
  ล็อกอิน

รายการสื่อสารสนเทศ

ลำดับที่ ประเภท เลขเรียก/บาร์โค้ด สถานที่ สถานะ
1. วิทยาศาสตร์การแพทย์ และสุขภาพ
วิทยาศาสตร์การแพทย์ และสุขภาพ
สถานะ=หนังสือเก่า
WA32JT3 ส627อ ล.2  
  Barcode: 18401
ห้องสมุดวิทยาเขตนครสวรรค์
►ส่วนจัดเก็บหนังสือเก่า นว.
บนชั้น
  ขอยืม
2. วิทยาศาสตร์การแพทย์ และสุขภาพ
วิทยาศาสตร์การแพทย์ และสุขภาพ
สถานะ=หนังสือเก่า
WA32JT3 ส627อ ล.2 ฉ.2 
  Barcode: 18402
ห้องสมุดวิทยาเขตนครสวรรค์
►ส่วนจัดเก็บหนังสือเก่า นว.
บนชั้น
  ขอยืม

รายการใกล้เคียง
    หัวเรื่อง [กฎหมายเกี่ยวกับสาธารณสุข]
    หัวเรื่อง [นิติเวชศาสตร์]
    หัวเรื่อง [กฎหมายสิ่งแวดล้อม]

BibComment


ยังไม่เคยถูกคอมเมนท์

คอมเมนท์ทรัพยากรรายการนี้
  คอมเมนท์: เอกสารการสอนชุดวิ..


 Copyright 2026. Bcnsprnw @Library